[Event "BRA-ch U2300 Amateurs"]
[Site "Sao Paulo"]
[Date "2022.06.18"]
[Round "5"]
[White "Soares, Renan Barbosa Monte"]
[Black "Furtado, Marcelo Coimbra"]
[Result "1-0"]
[WhiteElo "1930"]
[BlackElo "2034"]
[PlyCount "57"]
[EventDate "2022.06.16"]
[EventType "swiss"]
[EventRounds "7"]
[EventCountry "BRA"]
[SourceTitle "CBM 208 Extra"]
[Source "ChessBase"]
[SourceDate "2022.07.31"]
[SourceVersion "1"]
[SourceVersionDate "2022.07.31"]
[SourceQuality "1"]

1. d4 c6 2. c4 d5 3. Nf3 Nf6 4. Nc3 Bf5 5. Qb3 Qb6 6. c5 Qxb3 7. axb3 Nbd7 8. b4 a6 9. b5 cxb5 10. Nxb5 Rc8 11. Nc3 e6 12. Bf4 Be7 13. e3 Nh5 14. Bg3 Nxg3 15. hxg3 h6 16. b4 0-0 17. Nd2 Rfe8 18. Nb3 Bd8 19. b5 Bc2 20. bxa6 bxa6 21. Bxa6 Rb8 22. Na5 Bxa5 23. Rxa5 e5 24. Kd2 exd4 25. exd4 Bb3 26. Rb1 Nf6 27. Bb5 Bc4 28. Bxe8 Rxe8 29. f3 1-0

[Event "BRA-ch U2300 Amateurs"]
[Site "Sao Paulo"]
[Date "2022.06.17"]
[Round "4"]
[White "De Freitas, Isabella Ribeiro Co"]
[Black "Soares, Renan Barbosa Monte"]
[Result "0-1"]
[WhiteElo "1868"]
[BlackElo "1930"]
[PlyCount "68"]
[EventDate "2022.06.16"]
[EventType "swiss"]
[EventRounds "7"]
[EventCountry "BRA"]
[SourceTitle "CBM 208 Extra"]
[Source "ChessBase"]
[SourceDate "2022.07.31"]
[SourceVersion "1"]
[SourceVersionDate "2022.07.31"]
[SourceQuality "1"]

1. c4 Nf6 2. Nc3 g6 3. e4 d6 4. d4 Bg7 5. Nf3 0-0 6. Be2 c5 7. d5 b5 8. cxb5 a6 9. bxa6 Bxa6 10. 0-0 Nbd7 11. Nd2 Bxe2 12. Qxe2 Qa5 13. Nc4 Qa6 14. Rb1 Ne8 15. Bd2 Nc7 16. Rfe1 Rfb8 17. a3 Bxc3 18. Bxc3 Nb5 19. Rbc1 Nb6 20. b4 Nxc3 21. Rxc3 cxb4 22. axb4 Rc8 23. Rec1 Rxc4 24. Rxc4 Qxc4 25. Qxc4 Nxc4 26. f3 Nb6 27. Rc7 Kf8 28. Rb7 Nc4 29. b5 Ra2 30. Rc7 Ne3 31. Rc8+ Kg7 32. h3 Rxg2+ 33. Kh1 Rb2 34. Rb8 Nc4 0-1

[Event "BRA-ch 87th"]
[Site "Cuiaba"]
[Date "2021.11.02"]
[Round "8"]
[White "Oliveira, Leonardo Tadeu De A"]
[Black "Soares, Renan Barbosa Monte"]
[Result "0-1"]
[WhiteElo "2121"]
[BlackElo "1886"]
[PlyCount "106"]
[EventDate "2021.10.28"]
[EventType "swiss"]
[EventRounds "11"]
[EventCountry "BRA"]
[SourceTitle "CBM 205 Extra"]
[Source "ChessBase"]
[SourceDate "2022.01.31"]
[SourceVersion "1"]
[SourceVersionDate "2022.01.31"]
[SourceQuality "1"]

1. e4 c5 2. Nf3 d6 3. d4 cxd4 4. Nxd4 Nf6 5. Nc3 a6 6. Bg5 e6 7. f4 Be7 8. Qf3 Nbd7 9. 0-0-0 Qc7 10. g4 b5 11. Bxf6 Nxf6 12. g5 Nd7 13. f5 Nc5 14. Bh3 b4 15. Nce2 e5 16. f6 exd4 17. fxe7 Bxh3 18. Qxh3 d3 19. Nd4 b3 20. axb3 Nxb3+ 21. Kb1 Nxd4 22. Qxd3 Ne6 23. Qd5 Rc8 24. Rd2 Kxe7 25. Rf1 Qc5 26. Qb7+ Rc7 27. Qb3 Qxg5 28. Rd5 Qg6 29. e5 Rd8 30. Rfd1 Rcd7 31. Qb4 Ke8 32. exd6 Rc8 33. Qa4 Qg2 34. h4 Qe2 35. R5d2 Qc4 36. Qa3 Rc5 37. Qf3 Ra5 38. b3 Qc5 39. Rd5 Qc3 40. Rxa5 Qxa5 41. Qa8+ Rd8 42. Qc6+ Kf8 43. Rd5 Qe1+ 44. Ka2 Qf2 45. Ka3 Nd4 46. Qc7 Nxc2+ 47. Kb2 Nd4+ 48. Ka3 Ne6 49. Qe7+ Kg8 50. d7 Qf6 51. Qd6 Nf4 52. Qxf6 gxf6 53. Rd6 Kg7 0-1

[Event "Sao Paulo Carnaval op"]
[Site "Sao Paulo"]
[Date "2020.02.24"]
[Round "5"]
[White "Rocha, Anderson Rosendo"]
[Black "Soares, Renan Barbosa Monte"]
[Result "0-1"]
[WhiteElo "1655"]
[BlackElo "1863"]
[PlyCount "67"]
[EventDate "2020.02.22"]
[EventType "swiss"]
[EventRounds "7"]
[EventCountry "BRA"]
[SourceTitle "CBM 195 Extra"]
[Source "ChessBase"]
[SourceDate "2020.05.31"]
[SourceVersion "1"]
[SourceVersionDate "2020.05.31"]
[SourceQuality "1"]

1. e4 c5 2. d3 Nc6 3. Nf3 g6 4. g3 Bg7 5. Bg2 d6 6. 0-0 Nf6 7. Nbd2 0-0 8. Re1 Qc7 9. Nf1 Rb8 10. c3 b5 11. h3 a5 12. g4 a4 13. N3h2 Nd7 14. f4 a3 15. Qc2 b4 16. Nf3 Qb6 17. Ne3 Ba6 18. Nd5 Qa7 19. cxb4 e6 20. b5 Bxb5 21. Nc3 Nb4 22. Qd2 c4+ 23. d4 Nd3 24. Re3 Nxf4 25. Nxb5 Rxb5 26. Rxa3 Bxd4+ 27. Nxd4 Qxd4+ 28. Qxd4 Ne2+ 29. Kf2 Nxd4 30. Ra7 Ne5 31. Bf1 Rbb8 32. b3 cxb3 33. axb3 Nxb3 34. Bh6 0-1

[Event "Sao Paulo Carnaval op"]
[Site "Sao Paulo"]
[Date "2020.02.23"]
[Round "3"]
[White "Gomes, Marco Tulio Caldeir"]
[Black "Soares, Renan Barbosa Monte"]
[Result "0-1"]
[WhiteElo "1631"]
[BlackElo "1863"]
[PlyCount "78"]
[EventDate "2020.02.22"]
[EventType "swiss"]
[EventRounds "7"]
[EventCountry "BRA"]
[SourceTitle "CBM 195 Extra"]
[Source "ChessBase"]
[SourceDate "2020.05.31"]
[SourceVersion "1"]
[SourceVersionDate "2020.05.31"]
[SourceQuality "1"]

1. c4 Nf6 2. Nc3 g6 3. g3 Bg7 4. Bg2 0-0 5. e4 d6 6. Nge2 c5 7. 0-0 Nc6 8. d3 Bd7 9. h3 a6 10. f4 Rb8 11. Be3 b5 12. Qd2 Ne8 13. Rae1 Nc7 14. f5 Nd4 15. g4 b4 16. Nd1 b3 17. axb3 Nxb3 18. Qc2 a5 19. Nec3 Na6 20. Nd5 Nd4 21. Qf2 Nb4 22. Nxb4 Rxb4 23. Bd2 Rb3 24. Bc3 a4 25. Qd2 a3 26. bxa3 Rxa3 27. Rf2 Qb6 28. fxg6 hxg6 29. Bb2 Rb3 30. Ref1 Be6 31. Kh1 Rb8 32. Bc3 Re8 33. e5 Ra3 34. Bxd4 cxd4 35. exd6 Qxd6 36. Be4 Qg3 37. Rf3 Qh4 38. Qf2 Qxf2 39. R3xf2 Ra1 0-1

[Event "Sao Paulo Carnaval op"]
[Site "Sao Paulo"]
[Date "2020.02.22"]
[Round "1"]
[White "De Carvalho, Vitor Augusto Ponci"]
[Black "Soares, Renan Barbosa Monte"]
[Result "0-1"]
[WhiteElo "1289"]
[BlackElo "1863"]
[PlyCount "102"]
[EventDate "2020.02.22"]
[EventType "swiss"]
[EventRounds "7"]
[EventCountry "BRA"]
[SourceTitle "CBM 195 Extra"]
[Source "ChessBase"]
[SourceDate "2020.05.31"]
[SourceVersion "1"]
[SourceVersionDate "2020.05.31"]
[SourceQuality "1"]

1. e4 c5 2. Nf3 d6 3. c3 Nf6 4. g3 Bd7 5. d3 Nc6 6. Bg2 g6 7. 0-0 Bg7 8. Re1 0-0 9. Nbd2 b5 10. Nf1 a5 11. h4 b4 12. c4 Bg4 13. N1h2 h5 14. Nxg4 Nxg4 15. Bh3 a4 16. Rb1 Nf6 17. Bg2 Qc7 18. Bf4 Nd7 19. Re2 Ra7 20. Bc1 Nde5 21. Re1 Rb8 22. Nh2 Nd4 23. f4 Nec6 24. Nf3 Qd7 25. Kh2 Qc7 26. Be3 b3 27. a3 Nc2 28. Re2 e6 29. Ne1 N6d4 30. Bxd4 Nxd4 31. Rd2 Re8 32. Nf3 Nc2 33. Ne1 Ne3 34. Qf3 Ng4+ 35. Kg1 Qe7 36. Bh3 Bd4+ 37. Kh1 f5 38. Bxg4 hxg4 39. Qe2 Qf7 40. Qf1 Qf6 41. Re2 Rae7 42. Ng2 e5 43. Qe1 Kf7 44. Qa5 fxe4 45. Rxe4 Kg7 46. Qxa4 exf4 47. Rxf4 Qe6 48. Re4 Qf5 49. Rxe7+ Rxe7 50. Qxb3 Qf2 51. Qd1 Qxg3 0-1

[Event "BRA-ch Amateur U2200"]
[Site "Sao Paulo"]
[Date "2019.06.22"]
[Round "5"]
[White "Lage, Pedro Ferreira"]
[Black "Soares, Renan Barbosa Monte"]
[Result "1/2-1/2"]
[WhiteElo "2049"]
[BlackElo "1991"]
[PlyCount "42"]
[EventDate "2019.06.20"]
[EventType "swiss"]
[EventRounds "7"]
[EventCountry "BRA"]
[SourceTitle "EXT 2020"]
[Source "ChessBase"]
[SourceDate "2019.10.17"]
[SourceVersion "1"]
[SourceVersionDate "2019.10.17"]
[SourceQuality "1"]

1. Nf3 Nf6 2. c4 g6 3. Nc3 Bg7 4. g3 0-0 5. Bg2 c5 6. d4 cxd4 7. Nxd4 Nc6 8. c5 Nxd4 9. Qxd4 d6 10. cxd6 Ne8 11. Qb4 Nxd6 12. 0-0 a5 13. Qf4 Be6 14. Rd1 Qb6 15. Bd5 Bd7 16. Qe3 Qxe3 17. Bxe3 Rac8 18. Bxb7 Rb8 19. Bf3 Be6 20. Nd5 Bxd5 21. Rxd5 Bxb2 1/2-1/2

[Event "Cuiaba Contaud op"]
[Site "Cuiaba"]
[Date "2019.06.01"]
[Round "4"]
[White "Da Silva, Fabio Lima"]
[Black "Soares, Renan Barbosa Monte"]
[Result "0-1"]
[WhiteElo "1800"]
[BlackElo "1991"]
[PlyCount "50"]
[EventDate "2019.05.31"]
[EventType "swiss"]
[EventRounds "6"]
[EventCountry "BRA"]
[SourceTitle "EXT 2020"]
[Source "ChessBase"]
[SourceDate "2019.10.17"]
[SourceVersion "1"]
[SourceVersionDate "2019.10.17"]
[SourceQuality "1"]

1. d4 Nf6 2. c4 c5 3. d5 b5 4. Bg5 Ne4 5. Nf3 Nxg5 6. Nxg5 d6 7. cxb5 g6 8. Nc3 Bg7 9. e3 0-0 10. Bd3 a6 11. 0-0 axb5 12. Bxb5 Qb6 13. a4 Qa5 14. Qd3 Na6 15. Rab1 Nb4 16. Qc4 Bb7 17. e4 Rfb8 18. b3 Nc2 19. Qd3 Qxc3 20. Qxc3 Bxc3 21. Rbc1 Bf6 22. Nxh7 Nd4 23. Nxf6+ exf6 24. Bc4 Bc6 25. Ra1 Nxb3 0-1

[Event "Cuiaba Contaud op"]
[Site "Cuiaba"]
[Date "2019.06.01"]
[Round "3"]
[White "Soares, Renan Barbosa Monte"]
[Black "Souza, Neurismar da Rocha"]
[Result "1-0"]
[WhiteElo "1991"]
[BlackElo "1620"]
[PlyCount "54"]
[EventDate "2019.05.31"]
[EventType "swiss"]
[EventRounds "6"]
[EventCountry "BRA"]
[SourceTitle "EXT 2020"]
[Source "ChessBase"]
[SourceDate "2019.10.17"]
[SourceVersion "1"]
[SourceVersionDate "2019.10.17"]
[SourceQuality "1"]

1. d4 d5 2. Nf3 e6 3. c4 Nf6 4. Nc3 Be7 5. Bg5 h6 6. Bh4 0-0 7. e3 Ne4 8. Bxe7 Qxe7 9. Bd3 f5 10. cxd5 Nxc3 11. bxc3 exd5 12. Ne5 Qg5 13. Qf3 c6 14. Rb1 a6 15. h4 Qf6 16. h5 Rd8 17. Qg3 Nd7 18. Ng6 Nf8 19. Nh4 Nh7 20. Qf4 Rf8 21. Rb6 Ng5 22. c4 Qd8 23. c5 Ne4 24. Bc2 Qg5 25. Qf3 Nc3 26. Bb3 Nb5 27. g3 Re8 1-0

[Event "Sao Paulo Carnaval op"]
[Site "Sao Paulo"]
[Date "2019.03.04"]
[Round "6"]
[White "Soares, Renan Barbosa Monte"]
[Black "Soares, Paulo Henrique Dos"]
[Result "1-0"]
[WhiteElo "1983"]
[BlackElo "1902"]
[PlyCount "45"]
[EventDate "2019.03.02"]
[EventType "swiss"]
[EventRounds "7"]
[EventCountry "BRA"]
[SourceTitle "EXT 2020"]
[Source "ChessBase"]
[SourceDate "2019.10.17"]
[SourceVersion "1"]
[SourceVersionDate "2019.10.17"]
[SourceQuality "1"]

1. d4 d5 2. Nf3 Nf6 3. c4 Bf5 4. Nc3 c6 5. Qb3 Qb6 6. c5 Qxb3 7. axb3 Na6 8. Ra4 Bc2 9. Nd2 Nc7 10. e3 e6 11. Be2 Be7 12. 0-0 0-0 13. Nf3 Bxb3 14. Rb4 Bc4 15. Rxb7 Bxe2 16. Nxe2 Rfc8 17. Ne5 a5 18. Nxc6 Bf8 19. Ne5 Na6 20. Nxf7 Bxc5 21. Ng5 Ra7 22. Rxa7 Bxa7 23. Nxe6 1-0

[Event "Sao Paulo Carnaval op"]
[Site "Sao Paulo"]
[Date "2019.03.02"]
[Round "1"]
[White "Flores, Clarice Soares Leit"]
[Black "Soares, Renan Barbosa Monte"]
[Result "0-1"]
[WhiteElo "1533"]
[BlackElo "1983"]
[PlyCount "66"]
[EventDate "2019.03.02"]
[EventType "swiss"]
[EventRounds "7"]
[EventCountry "BRA"]
[SourceTitle "EXT 2020"]
[Source "ChessBase"]
[SourceDate "2019.10.17"]
[SourceVersion "1"]
[SourceVersionDate "2019.10.17"]
[SourceQuality "1"]

1. d4 Nf6 2. Nf3 g6 3. Bg5 Bg7 4. Nbd2 0-0 5. e4 d6 6. c3 b6 7. Bd3 Bb7 8. 0-0 c5 9. dxc5 bxc5 10. e5 dxe5 11. Nxe5 Qc7 12. Nef3 Nc6 13. Ne4 c4 14. Bxf6 exf6 15. Bxc4 Rad8 16. Qc2 Qf4 17. Nc5 Qxc4 18. Nxb7 Rd7 19. Nd2 Qb5 20. Ne4 Rxb7 21. Nd6 Qxb2 22. Qe4 Rc7 23. Ne8 f5 24. Qe3 Re7 25. Qc5 Rfxe8 26. Qxc6 Qxc3 27. Qxc3 Bxc3 28. Rac1 Bd4 29. Rcd1 Bb6 30. g3 Re2 31. Ra1 Rd2 32. a4 Ree2 33. Rfd1 Rxf2 0-1